Представление документа в формате RUSMARC

ПолеНазваниеЗначение
  Тип записи a
  Библиографический уровень m
001 Контрольный номер UONB/MAIN/71380178e3ab4a11b74ce4460b128071
005 Дата корректировки 20260515134522.0
010 Индекс ISBN __
b Уточнения в пер.
d Цена 10 р. 60 к.
9 Тираж 2300 экз.
100 Данные общей обработки __
a Данные общей обработки 20260515d1949 u u0rusy0189 ca
101 Язык документа 0_
a Язык текста rus
102 Страна публикации __
a Страна публикации RU
105 Кодированные данные (монография) __
a Кодированные данные (монография) a z 001yy
200 Заглавие и сведения об ответственности 1_
a Заглавие Фильтры непрерывного действия
e Сведения, относящиеся к заглавию теория, описание, расчет
f Первые сведения об ответственности Н. В. Шпанов
203 Вид содержания и тип средства __
a Вид содержания Текст
b Характеристика содержания визуальный
c Тип средства непосредственный
210 Выходные данные 1_
a Место издания Москва
c Издательство Машгиз
d Дата издания 1949
215 Физическое описание __
a Объем 183 с.
c Иллюстрации/тип воспроизводства ил.
d Формат 23 см
320 Библиография __
a Библиография Библиогр.: с. 180-181 (50 назв.)
606 Тематические рубрики 0_
a Основная рубрика Фильтры непрерывного действия
606 Тематические рубрики 0_
a Основная рубрика Фильтрация
610 Ключевые слова 0_
a Ключевые слова фильтры непрерывного действия; фильтрация
686 Индексы других классификаций __
a Классификационный индекс 33.361
2 Код системы rubbk
700 Автор _1
a Фамилия Шпанов
b Имя (инициалы) Н. В.
g Полное личное имя Николай Викторович
801 Источник записи _0
a Страна RU
b Организация Ульяновская ОНБ
c Дата составления 20260515
g Правила каталогизации RCR
801 Источник записи _1
a Страна RU
b Организация Ульяновская ОНБ
c Дата составления 20260515
g Правила каталогизации RCR
901 Тип документа __
t Тип документа m
909 Создатель записи __
a Создатель записи Горбункова
b Дата создания записи 20260515